Alle Länder aus denen Fußballer im Champions League Finale standen - Statistiken

Allgemein
  • Dieses Quiz wurde 682 mal gespielt
    351 seit der letzten Aktualisierung
  • Das Durchschnittsergebnis liegt bei 46 aus 61
Antwortstatistiken
Anzahl zuletzt Land % Korrekt
72 2025 Deutschland
100%
74 2025 Spanien
100%
56 2025 Frankreich
99%
64 2025 Italien
99%
50 2025 Brasilien
97%
50 2024 England
97%
26 2025 Portugal
97%
27 2025 Argentinien
96%
8 2024 Belgien
95%
31 2025 Niederlande
94%
1 2004 Russland
94%
5 2025 Polen
93%
4 2025 Schweiz
93%
6 2024 Norwegen
92%
2 2024 Österreich
92%
1 2021 USA
92%
4 2006 Schweden
90%
15 2024 Kroatien
88%
1 2025 Marokko
88%
4 2012 Tschechien
87%
1 2022 Ägypten
86%
5 2021 Dänemark
86%
1 2004 Griechenland
86%
2 2006 Mexiko
86%
2 2022 Schottland
86%
3 2011 Irland
85%
5 2025 Türkei
85%
2 2005 Finnland
84%
2 2022 Kolumbien
84%
3 2021 Ukraine
84%
1 2020 Kanada
83%
5 2013 Serbien
80%
1 2015 Chile
78%
2 2019 Südkorea
78%
2 2018 Wales
78%
1 2007 Australien
77%
2 2016 Slowenien
77%
5 2024 Uruguay
76%
2 2022 Senegal
74%
5 2016 Ghana
73%
1 2021 Algerien
70%
2 2009 Bulgarien
70%
4 2023 Kamerun
70%
2 2010 Rumänien
70%
3 2023 Bosnien-Herzegowina
67%
1 2025 Albanien
65%
3 2012 Nigeria
65%
6 2024 Elfenbeinküste
64%
1 2004 Südafrika
63%
1 2025 Ecuador
62%
1 2020 Costa-Rica
55%
2 2025 Georgien
55%
2 2004 DR Kongo
51%
3 2016 Montenegro
46%
1 2010 Nordmazedonien
44%
1 2006 Belarus
43%
2 2025 Armenien
40%
2 2011 Mali
38%
1 2017 Gabun
34%
1 2022 Guinea
29%
1 1999 Trinidad & Tobago
16%
Keine übereinstimmenden Quizze gefunden
Verteilung der Resultate
Anzahl Personen mit jedem Resultat
Perzentil nach korrekt beantworteten Fragen
Ihre Resultats-Entwicklung
Sie haben dieses Quiz seit der letzten Aktualisierung nicht gespielt